00389nam a2200169Ia 4500008004100000020001800041245002200059245002100081260001500102260001600117260000900133300001500142300002500157300001000182500000800192999001900200170705s9999 xx 000 0 und d a9780439597807 aRobinson Crusoe / cMichael Sandler. aNew York : bScholastic, c2003 a48 pages : bcolor illustration ; c19cm. a450 c335794d335794